Spectroscopic Study of Doped Zinc Oxides

Gespeichert in:
Bibliographische Detailangaben
1. Verfasser: Čaklóšová, Andrea, 1990- (Verfasst von)
Weitere Verfasser: Dvoranová, Dana, 1977- (Betreuung Doktorarbeit)
Format: Manuskript Buch
Sprache:Slowakisch
Englisch
Schlagworte:
Online-Zugang:http://is.stuba.sk/zp/portal_zp.pl?podrobnosti=104152
Tags: Tag hinzufügen
Keine Tags, Fügen Sie das erste Tag hinzu!

MARC

LEADER 00000ntm a22000003a 4500
001 stuzp46650
003 SK-STU
005 20150617230330.6
007 ta
008 150427s2015----xo-----f-mn---000-0-slo-d
040 |a STU  |b slo 
041 0 |a eng 
100 1 |a Čaklóšová, Andrea,  |d 1990-  |u 045210  |4 aut  |U FCHPT Ústav fyzikálnej chémie a chemickej fyziky  |T FCHPT Oddelenie fyzikálnej chémie  |X 68514  |U C5210  |Y 117  |7 A0000068514 
242 0 1 |a Spektroskopické štúdium dopovaných oxidov zinočnatých  |y slo 
245 1 0 |a Spectroscopic Study of Doped Zinc Oxides 
650 4 |a fotokatalytická aktivita  |2 slo 
650 4 |a oxid zinočnatý  |2 slo 
650 4 |a dopovanie  |2 slo 
650 4 |a klasická sól-gélová syntéza  |2 slo 
650 4 |a bezvodá solvotermálna syntéza  |2 slo 
650 4 |a zinc oxide  |2 eng 
650 4 |a doping  |2 eng 
650 4 |a classical sol-gel synthesis  |2 eng 
650 4 |a nonhydrolytic solvothermal synthesis  |2 eng 
650 4 |a photocatalytic activity  |2 eng 
700 1 |a Dvoranová, Dana,  |d 1977-  |4 ths  |X 3943  |7 A000003943 
856 4 |u http://is.stuba.sk/zp/portal_zp.pl?podrobnosti=104152 
SQL |a stuzp46650  |b DDP  |c ENG  |d Spectroscopic Study of Doped Zinc Oxides  |e 68514  |f Čaklóšová, Andrea  |g 045210  |h 3943  |i Dvoranová, Dana  |j 20140609  |k 127  |l 04  |m http://is.stuba.sk/zp/portal_zp.pl?podrobnosti=104152